| 000 | 00495nam a2200169Ia 4500 | ||
|---|---|---|---|
| 999 |
_c13391 _d13391 |
||
| 003 | OSt | ||
| 005 | 20201102094935.0 | ||
| 008 | 190216s9999||||xx |||||||||||||| ||und|| | ||
| 040 | _coclc | ||
| 082 |
_a891.4612 _bBEL/T |
||
| 100 |
_aBelsare, K V _96175 |
||
| 245 | 0 |
_aTukaram / _cK V Belsare |
|
| 260 |
_b"Maharashtra Information Centre,Newdelhi", _c1985. _aNew Delhi: |
||
| 300 | _a56p | ||
| 650 | _aAutobiography | ||
| 942 |
_cBK _2ddc _h891.4612 _iBEL/T _k891.4612 _mBEL/T |
||